Cestovní ruch, ubytování a stravování, využití volného času [aplikovaný marketing služeb]

Salvato in:
Dettagli Bibliografici
Autore principale: Horner, Susan
Altri autori: Swarbrooke, John, Rezek, Jiří
Natura: Libro
Lingua:ceco
Pubblicazione: Praha Grada Publishing 2003
Serie:Expert
Soggetti:
Tags: Aggiungi Tag
Nessun Tag, puoi essere il primo ad aggiungerne!!

MARC

LEADER 00000nam$a2200000$$$4500
001 0002356
005 20240306141322.5
020 |a 80-247-0202-9 
041 0 |a cze 
044 |a CZ 
245 1 0 |a Cestovní ruch, ubytování a stravování, využití volného času  |b [aplikovaný marketing služeb]  |c Susan Horner, John Swarbrooke ; přeložil Jiří Rezek 
264 1 |a Praha  |b Grada Publishing  |c 2003 
300 |a 486 s. 
490 1 |a Expert 
830 0 |a Expert 
610 2 0 |a ruch cestovný 
610 2 0 |a marketing 
610 2 0 |a čas voľný 
610 2 0 |a ubytovanie 
610 2 0 |a Európa 
610 2 0 |a podnik ruchu cestovného 
610 2 0 |a prostredie podnikateľské 
610 2 0 |a marketing mix 
610 2 0 |a plánovanie 
610 2 0 |a plán marketingový 
610 2 0 |a globalizácia 
100 1 |a Horner, Susan 
700 1 |a Swarbrooke, John 
700 1 |a Rezek, Jiří